000 00519nam a2200181Ia 4500
003 GCL
008 140319s9999 xx 000 0 ara d
040 _aGCL /
_cGCL
082 0 4 _a193
_bم هـ
100 1 _aمحمود سيد احمد
245 1 0 _aالهيرومنيوطيقا عند جاد امر /
_cمحمود سيد احمد
300 _a99
490 _aكتاب
_v0
650 0 4 _aالفلسفة
650 0 4 _aالفلسفة الغربية
650 0 4 _aالفلسفة الالمانية
942 _2ddc
_cBK
999 _c41469
_d41469